000 00819nam a2200229 i 4500
001 bg
100 1 _aADAMKIEWICZ, Hanna G.
245 1 0 _aUwarunkowania konkurencyjności przedsiębiorstw w gospodarce rynkowej /
_cHanna G. Adamkiewicz.
260 _aGdynia :
_bWSM. Dział Wydawnictw,
_c1999.
300 _a376 s. :
_bwykr. ;
_c21 cm.
490 1 _aPrace Naukowe Wyższej Szkoły Morskiej w Gdyni,
_x0860-4827
504 _aBibliogr. i wykaz aktów prawnych s. 355-376.
650 9 _aGlobalizacja
_xzagadnienia
650 9 _aKonkurencja
_xzagadnienia
650 9 _aPrzedsiębiorstwo
_xorganizacja
830 _aPrace Naukowe Wyższej Szkoły Morskiej w Gdyni,
_x0860-4827
040 _cBPK
041 0 _apl
080 _a658.1/.5:339.137:330.342.172
942 _cKS
008 s pl f |000 0 pol
999 _c39210
_d39210
856 _uhttp://koha.tu.koszalin.pl/cgi-bin/koha/opac-detail.pl?biblionumber=39210
_yKatalog online BPK